000 00254nam a2200097Ia 4500
001 1163397
005 20250827011702.0
008 250824s9999 xx 000 0 und d
245 0 _aİBNİ SİNA İLE UÇAN ADAMIN PEŞİNDE
_cÖZKAN ÖZE
260 _bKETEBE
999 _c1163397
_d1163397